000 00443nam a2200193Ia 4500
005 20250425160800.0
008 250425s9999 xx 000 0 und d
020 _a0080286704
041 _aeng
082 _a666.94
100 _aGHOSH, S. N.
245 0 _aADVANCES IN CEMENT TECHNOLOGY
250 _aS.E.
260 _aEstados Unidos
_bPERGAMON PRESS
_c1983
260 _aNEW YORK
300 _a804
942 _c01
010 _a5116
999 _c196053
_d196053